Poème Classique #1 Demain dès l'aube - Statistiques

Statistiques générales
  • Ce quiz a été pris 271 fois
  • Le résultat moyen est 78 sur 112
Statistiques - réponses
Réponse % Correct
à
99%
de
99%
l'
99%
aube
98%
Demain
98%
dès
98%
J'
98%
j'
98%
m'
98%
la
97%
au
96%
heure
96%
96%
Je
95%
je
95%
campagne
94%
blanchit
93%
par
93%
partirai
92%
irai
88%
-tu
83%
tu
83%
Vois
82%
attends
80%
montagne
80%
que
80%
sais
80%
ne
77%
toi
77%
loin
75%
longtemps
74%
plus
74%
puis
74%
forêt
73%
le
72%
demeurer
71%
fleur
69%
en
66%
sur
66%
tombe
66%
Un
66%
et
64%
Et
64%
ta
64%
bouquet
63%
les
63%
bruyère
60%
marcherai
60%
yeux
56%
nuit
54%
houx
53%
ni
53%
Ni
53%
vers
53%
du
52%
Harfleur
52%
jour
52%
mettrai
52%
pour
52%
vert
52%
qui
51%
comme
50%
mes
50%
moi
50%
quand
50%
fixés
49%
sera
49%
arriverai
48%
mains
48%
soir
48%
courbé
47%
or
47%
pensées
47%
voiles
47%
dos
46%
Sans
45%
sans
45%
regarderai
44%
voir
43%
croisées
42%
descendant
42%
rien
42%
bruit
39%
dehors
39%
entendre
39%
aucun
38%
Seul
38%
Triste
32%
inconnu
26%
Aucun quiz correspondant
Distribution des résultats
% des personnes avec chaque résultat
Percentile par nombre de réponses
Votre historique - résultats
Vous n’avez pas pris ce quiz